Sertések endoparazitológiai vizsgálata
Elmentve itt :
| Szerző: | |
|---|---|
| További közreműködők: | |
| Dokumentumtípus: | Szakdolgozat |
| Megjelent: |
2003
|
| Kulcsszavak: | Sertésegészségügy Parazitológia Endoparazita |
| Tárgyszavak: | |
| Online Access: | http://diploma.bibl.u-szeged.hu/101430 |
| LEADER | 00738nta a2200229 i 4500 | ||
|---|---|---|---|
| 001 | dipl101430 | ||
| 005 | 20211102083340.0 | ||
| 008 | 211026s2003 hu om 0|| hun d | ||
| 040 | |a SZTE Diploma Repozitórium |b hun | ||
| 041 | |a hun | ||
| 100 | 1 | |a Kobrehel Attila | |
| 245 | 1 | 0 | |a Sertések endoparazitológiai vizsgálata |h [elektronikus dokumentum] / |c Attila Kobrehel |
| 260 | |c 2003 | ||
| 300 | |a 51 | ||
| 650 | 4 | |a Agrár | |
| 650 | 4 | |a Agricultural sciences | |
| 650 | 4 | |a Agriculture, forestry and fisheries | |
| 695 | |a Sertésegészségügy | ||
| 695 | |a Parazitológia | ||
| 695 | |a Endoparazita | ||
| 700 | 1 | |a Pinnyey Szilárd |e ths | |
| 856 | 4 | 0 | |u http://diploma.bibl.u-szeged.hu/id/eprint/101430/1/2003_kobrehel_attila.pdf |z Dokumentum-elérés |